Phong trào giải phóng dân tộc Việt Nam và quan hệ của nó với Nhật bản và châu Á: Tư tưởng Phan Bội châu về cách mạng và thế giới; T1

Gespeichert in:
Bibliographische Detailangaben
1. Verfasser: Shiraishi Masaya
Format: Buch
Sprache:Undetermined
Veröffentlicht: Hà Nội CTQG. 2000
Schlagworte:
Tags: Tag hinzufügen
Keine Tags, Fügen Sie den ersten Tag hinzu!
Thư viện lưu trữ: Trung tâm Học liệu Trường Đại học Cần Thơ
LEADER 00671nam a2200205Ia 4500
001 CTU_62130
008 210402s9999 xx 000 0 und d
020 |b 48000 
082 |a 959.703 
082 |b M394/T1 
100 |a Shiraishi Masaya 
245 0 |a Phong trào giải phóng dân tộc Việt Nam và quan hệ của nó với Nhật bản và châu Á: 
245 0 |b Tư tưởng Phan Bội châu về cách mạng và thế giới; T1 
260 |a Hà Nội 
260 |b CTQG. 
260 |c 2000 
650 |a History 
650 |z Vietnam 
904 |i Mai Loan 
980 |a Trung tâm Học liệu Trường Đại học Cần Thơ